Capitali più vicino a Zagabria - sprint di un minuto - Statistics

Statistiche generali
  • Questo quiz è stato fatto 52 volte
  • Il punteggio medio è 12 su 20
Statistiche sulle risposte
km capitale % Corretto
300 Budapest
89%
517 Roma
89%
117 Lubiana
85%
291 Sarajevo
83%
269 Vienna
83%
273 Bratislava
77%
814 Bucarest
77%
489 Praga
74%
368 Belgrado
66%
588 Tirana
66%
769 Berlino
57%
459 Podgorica
57%
666 Berna
55%
680 Sofia
53%
542 Pristina
51%
610 Skopje
51%
519 Città del Vaticano
36%
517 Vaduz
34%
802 Varsavia
34%
714 Monaco
13%
Nessun quiz corrispondente trovato
Distribuzione punteggi
Percentuale di utenti per punteggio
Percentile per numero di risposta
I tuoi punteggi nel tempo
Non hai fatto questo quiz